Quiz sur la Haute-Savoie - Statistiques

Statistiques générales
  • Ce quiz a été pris 6 763 fois
  • Le résultat moyen est 14 sur 20
Statistiques - réponses
Question Réponse % Correct
Pays frontaliers de la Haute-Savoie Italie
96%
Pays frontaliers de la Haute-Savoie Suisse
96%
Commune célèbre mondialement pour sa marque d'eau minérale Évian-les-Bains
95%
Numéro du département 74
94%
Point culminant de la France et des Alpes Mont Blanc
94%
Préfecture et plus grande ville Annecy
93%
Région dont celui-ci fait partie Auvergne-Rhône-Alpes
92%
Plus grand lac d'Europe Occidentale, qui borde cette métropole Léman
88%
Sommet très touristique pour les vues impressionnantes qu'il offre Aiguille du {Midi}
82%
Commune dans laquelle celui-ci se situe. Elle a égalementaccueilli les premiers Jeux Olympiques d'Hiver, en 1924. Chamonix
78%
Autre station thermale proche de celle-ci qui est une sous-préfecture Thonon-les-Bains
78%
Fromage AOC qui est indispensable pour une bonne tartiflette Reblochon
76%
Cette dernière est reliée à Courmayeur par un ____ depuis 1965 Tunnel
59%
Métropole à laquelle appartiennent ces deux villes Grand Genève
57%
Deuxième ville la plus peuplée du département, au centred'une agglomération de plus de 300 000 habitants Annemasse
53%
Chanteur qui ira « dormir chez la Dame de Haute-Savoie » Francis Cabrel
40%
Royaume auquel il appartenait jusqu'en 1860 Royaume de Sardaigne
39%
Deux autres sous-préfectures du département (nommez-en une) Bonneville | Saint-Julien...
35%
Solution basique désinfectante qui fut découverte par lechimiste Claude-Louis Berthollet, natif de Talloires Eau de {Javel}
31%
Ingénieur en chef de la Haute-Savoie qui fut élu présidentde la République en 1887 puis assassiné en 1894 Marie-François Sadi Carnot
27%
Aucun quiz correspondant
Distribution des résultats
% des personnes avec chaque résultat
Percentile par nombre de réponses
Votre historique - résultats
Vous n’avez pas pris ce quiz